|
|
|
|
| LEADER |
02224nam a2200517 i 4500 |
| 001 |
EBC1642705 |
| 003 |
MiAaPQ |
| 005 |
20200520144314.0 |
| 006 |
m o d | |
| 007 |
cr cnu|||||||| |
| 008 |
150129t20142014gw ob 001 0 ger d |
| 020 |
|
|
|z 9783486781151
|
| 020 |
|
|
|a 9783110398557
|q (electronic bk.)
|
| 020 |
|
|
|a 9783486781168
|q (electronic bk.)
|
| 035 |
|
|
|a (MiAaPQ)EBC1642705
|
| 035 |
|
|
|a (Au-PeEL)EBL1642705
|
| 035 |
|
|
|a (CaPaEBR)ebr11007989
|
| 035 |
|
|
|a (CaONFJC)MIL783659
|
| 035 |
|
|
|a (OCoLC)898769508
|
| 040 |
|
|
|a MiAaPQ
|b eng
|e rda
|e pn
|c MiAaPQ
|d MiAaPQ
|
| 043 |
|
|
|a e-gx---
|a e------
|
| 050 |
|
4 |
|a HG3046
|b .N67 2014
|
| 082 |
0 |
|
|a 332.1094
|2 23
|
| 100 |
1 |
|
|a North, Michael,
|d 1954-
|e author.
|
| 245 |
1 |
0 |
|a Kommunikation, handel, geld und banken in der fruhen neuzeit /
|c Michael North.
|
| 264 |
|
1 |
|a Munich, Germany :
|b De Gruyter Oldenbourg,
|c 2014.
|
| 264 |
|
4 |
|c 2014
|
| 300 |
|
|
|a 1 online resource (164 pages).
|
| 336 |
|
|
|a text
|2 rdacontent
|
| 337 |
|
|
|a computer
|2 rdamedia
|
| 338 |
|
|
|a online resource
|2 rdacarrier
|
| 490 |
1 |
|
|a Enzyklopadie Deutscher Geschichte ;
|v Band 59
|
| 504 |
|
|
|a Includes bibliographical references and index.
|
| 588 |
|
|
|a Description based on print version record.
|
| 590 |
|
|
|a Electronic reproduction. Ann Arbor, MI : ProQuest, 2015. Available via World Wide Web. Access may be limited to ProQuest affiliated libraries.
|
| 650 |
|
0 |
|a Banks and banking
|z Germany
|x History
|y 16th century.
|
| 650 |
|
0 |
|a Banks and banking
|z Europe
|x History
|y 16th century.
|
| 650 |
|
0 |
|a Communication
|z Germany
|x History
|y 16th century.
|
| 650 |
|
0 |
|a Communication
|z Europe
|x History
|y 16th century.
|
| 651 |
|
0 |
|a Germany
|x Commerce
|x History.
|
| 651 |
|
0 |
|a Europe
|x Commerce
|x History.
|
| 655 |
|
4 |
|a Electronic books.
|
| 776 |
0 |
8 |
|i Print version:
|a North, Michael, 1954-
|t Kommunikation, handel, geld und banken in der fruhen neuzeit.
|d Munich, Germany : De Gruyter Oldenbourg, c2014
|h x, 154 pages
|k Enzyklopadie deutscher Geschichte ; Band 59.
|z 9783486781151
|w 2014501032
|
| 797 |
2 |
|
|a ProQuest (Firm)
|
| 830 |
|
0 |
|a Enzyklopadie deutscher Geschichte ;
|t Band 59.
|
| 856 |
4 |
0 |
|u https://ebookcentral.proquest.com/lib/matrademy/detail.action?docID=1642705
|z Click to View
|